Fr. Conceicao Rodrigues College of Engineering

Fluid Mechanics & Hydraulies (Record no. 31822)

MARC details
000 -LEADER
fixed length control field 00277nam a2200133Ia 4500
082 ## - DEWEY DECIMAL CLASSIFICATION NUMBER
Classification number 532
100 ## - MAIN ENTRY--PERSONAL NAME
Personal name Giles/R.V
245 ## - TITLE STATEMENT
Title Fluid Mechanics & Hydraulies
260 ## - PUBLICATION, DISTRIBUTION, ETC.
Name of publisher, distributor, etc. McGraw Hill
Place of publication, distribution, etc. New Delhi
Date of publication, distribution, etc. 1983
300 ## - PHYSICAL DESCRIPTION
Extent 275
546 ## - LANGUAGE NOTE
Language note ENGLISH
654 ## - SUBJECT ADDED ENTRY--FACETED TOPICAL TERMS
Focus term Fluid
942 ## - ADDED ENTRY ELEMENTS (KOHA)
Koha item type BOOK
Holdings
Withdrawn status Lost status Damaged status Not for loan Collection Home library Current library Date acquired Cost, normal purchase price Total Checkouts Full call number Barcode Date last seen Date last checked out Cost, replacement price Price effective from Koha item type
        CRC Fr. Agnel's C.Rodrigues College of Engineering Fr. Agnel's C.Rodrigues College of Engineering 17/03/2023 44.80 1 532 313 29/01/2025 09/01/2025 44.80 17/03/2023 BOOK